000 00417nam a2200145Ia 4500
008 231129s2005||||xx |||||||||||||| ||spa||
020 _a958-97702-9-0
040 _bspa
082 _aCD 02 AG-02
100 _aMurillo Vargas Nestor Alberto
245 0 _aReiki: El poder curativo de las energí­as
260 _c2005
264 _aPereira : Editora Nesmur
942 _2ddc
_cBKS
999 _c23906
_d23906